|
|
|
|
| LEADER |
01608nam a2200385 a 4500 |
| 001 |
EBC3301031 |
| 003 |
MiAaPQ |
| 005 |
20200520144314.0 |
| 006 |
m o d | |
| 007 |
cr cn||||||||| |
| 008 |
110505s2012 maua sb 001 0 eng d |
| 010 |
|
|
|z 2011018741
|
| 020 |
|
|
|z 9780674062276 (alk. paper)
|
| 020 |
|
|
|a 9780674063242 (electronic bk.)
|
| 035 |
|
|
|a (MiAaPQ)EBC3301031
|
| 035 |
|
|
|a (Au-PeEL)EBL3301031
|
| 035 |
|
|
|a (CaPaEBR)ebr10522596
|
| 035 |
|
|
|a (OCoLC)773264491
|
| 040 |
|
|
|a MiAaPQ
|c MiAaPQ
|d MiAaPQ
|
| 050 |
|
4 |
|a HD5706
|b .S816 2012
|
| 082 |
0 |
4 |
|a 339
|2 23
|
| 100 |
1 |
|
|a Storm, Servaas.
|
| 245 |
1 |
0 |
|a Macroeconomics beyond the NAIRU
|h [electronic resource] /
|c Servaas Storm and C. W. M. Naastepad.
|
| 260 |
|
|
|a Cambridge, Mass. :
|b Harvard University Press,
|c c2012.
|
| 300 |
|
|
|a xi, 289 p. :
|b ill.
|
| 504 |
|
|
|a Includes bibliographical references and index.
|
| 505 |
0 |
|
|a The power of ideas -- The weakness of the evidence -- A growth model -- The OECD productivity regime -- OECD demand regimes -- The generalization of the NAIRU theory -- Europe's Nordic model -- Macroeconomics beyond the NAIRU.
|
| 533 |
|
|
|a Electronic reproduction. Ann Arbor, MI : ProQuest, 2015. Available via World Wide Web. Access may be limited to ProQuest affiliated libraries.
|
| 650 |
|
0 |
|a Natural rate of unemployment.
|
| 650 |
|
0 |
|a Macroeconomics.
|
| 650 |
|
0 |
|a Monetary policy.
|
| 655 |
|
4 |
|a Electronic books.
|
| 700 |
1 |
|
|a Naastepad, C. W. M.,
|d 1961-
|
| 710 |
2 |
|
|a ProQuest (Firm)
|
| 856 |
4 |
0 |
|u https://ebookcentral.proquest.com/lib/matrademy/detail.action?docID=3301031
|z Click to View
|